ការសិក្សាជួសជុលផ្នែកគំរបគុយឡាស់ និងវិធីសីស៊ូប៉ាប់ដោយប្រើឧបករណ៍ងាយ) (Record no. 1719)
[ view plain ]
| 000 -LEADER | |
|---|---|
| fixed length control field | 00578nam a22001577a 4500 |
| 003 - CONTROL NUMBER IDENTIFIER | |
| control field | OSt |
| 005 - DATE AND TIME OF LATEST TRANSACTION | |
| control field | 20151002172539.0 |
| 008 - FIXED-LENGTH DATA ELEMENTS--GENERAL INFORMATION | |
| fixed length control field | 151002b xxu||||| |||| 00| 0 eng d |
| 040 ## - CATALOGING SOURCE | |
| Transcribing agency | RUA |
| 082 ## - DEWEY DECIMAL CLASSIFICATION NUMBER | |
| Classification number | AVM កាន់ 1995 B069 Or.1 |
| 100 ## - MAIN ENTRY--PERSONAL NAME | |
| 9 (RLIN) | 1821 |
| Personal name | កាន់ សាឡន |
| 245 ## - TITLE STATEMENT | |
| Title | ការសិក្សាជួសជុលផ្នែកគំរបគុយឡាស់ និងវិធីសីស៊ូប៉ាប់ដោយប្រើឧបករណ៍ងាយ) |
| 260 ## - PUBLICATION, DISTRIBUTION, ETC. (IMPRINT) | |
| Place of publication, distribution, etc. | phnom penh |
| Name of publisher, distributor, etc. | RUA |
| Date of publication, distribution, etc. | 1995 |
| 300 ## - PHYSICAL DESCRIPTION | |
| Extent | 71p. |
| Other physical details | ill. |
| Dimensions | 29cm. |
| 942 ## - ADDED ENTRY ELEMENTS (KOHA) | |
| Source of classification or shelving scheme | |
| Koha item type | AVM |
| Price effective from | Date last seen | Permanent Location | Not for loan | Date acquired | Source of classification or shelving scheme | Koha item type | Lost status | Withdrawn status | Date last checked out | Total Checkouts | Shelving location | Damaged status | Barcode | Current Location | Full call number |
|---|---|---|---|---|---|---|---|---|---|---|---|---|---|---|---|
| 2015-12-07 | 2017-08-04 | Library Block B | 2015-12-07 | AVM | 2017-02-03 | 1 | B190 | RUA44828 | Library Block B | AVM កាន់ 1995 B069 Or.1 | |||||
| 2015-12-07 | 2015-12-07 | Library Block B | 2015-12-07 | AVM | B190 | RUA41074 | Library Block B | AVM កាន់ 1995 B069 Or.2 | |||||||
| 2015-12-07 | 2015-12-07 | Library Block B | 2015-12-07 | AVM | B190 | RUA038676 | Library Block B | AVM កាន់ 1995 B069 Or.3 | |||||||
| 2015-12-07 | 2015-12-07 | Library Block B | 2015-12-07 | AVM | B190 | RUA44333 | Library Block B | AVM កាន់ 1995 B069 Or.4 | |||||||
| 2015-12-07 | 2015-12-07 | Library Block B | 2015-12-07 | AVM | B190 | RUA41204 | Library Block B | AVM កាន់ 1995 B069 Or.5 | |||||||
| 2015-12-07 | 2018-06-16 | Library Block B | 2015-12-07 | AVM | 2018-06-02 | 1 | B190 | RUA41020 | Library Block B | AVM កាន់ 1995 B069 Or.6 | |||||
| 2015-12-07 | 2015-12-07 | Library Block B | 2015-12-07 | AVM | B190 | RUA41080 | Library Block B | AVM កាន់ 1995 B069 Or.7 | |||||||
| 2015-12-07 | 2015-12-07 | Library Block B | 2015-12-07 | AVM | B190 | RUA41263 | Library Block B | AVM កាន់ 1995 B069 Or.8 |